Визуальный поворот и его влияние на социальное познание; Известия Томского политехнического университета [Известия ТПУ]; Т. 316, № 6: Экономика. Философия, социология и культурология
| Parent link: | Известия Томского политехнического университета [Известия ТПУ]/ Томский политехнический университет (ТПУ).— , 2000- Т. 316, № 6: Экономика. Философия, социология и культурология.— 2010.— [С. 146-152] |
|---|---|
| Hovedforfatter: | |
| Andre forfattere: | |
| Summary: | Заглавие с титульного листа Электронная версия печатной публикации Анализируется сущность так называемого визуального поворота, выявлены его причины, отрефлексирована степень влияния визуальных исследований на социальное познание. |
| Sprog: | russisk |
| Udgivet: |
2010
|
| Serier: | Философия, социология и культурология |
| Fag: | |
| Online adgang: | http://www.lib.tpu.ru/fulltext/v/Bulletin_TPU/2010/v316/i6/31.pdf |
| Format: | MixedMaterials Electronisk Book Chapter |
| KOHA link: | https://koha.lib.tpu.ru/cgi-bin/koha/opac-detail.pl?biblionumber=187771 |
MARC
| LEADER | 00000nla2a2200000 4500 | ||
|---|---|---|---|
| 001 | 187771 | ||
| 005 | 20240222174442.0 | ||
| 035 | |a (RuTPU)RU\TPU\book\203751 | ||
| 035 | |a RU\TPU\book\203710 | ||
| 090 | |a 187771 | ||
| 100 | |a 20101120d2010 k y0rusy50 ca | ||
| 101 | 0 | |a rus | |
| 102 | |a RU | ||
| 135 | |a drnn ---uucaa | ||
| 181 | 0 | |a i | |
| 182 | 0 | |a b | |
| 200 | 1 | |a Визуальный поворот и его влияние на социальное познание |f Н. А. Колодий, В. В. Колодий | |
| 203 | |a Текст |c электронный | ||
| 215 | |a 1 файл (74 Кб) | ||
| 225 | 1 | |a Философия, социология и культурология | |
| 300 | |a Заглавие с титульного листа | ||
| 300 | |a Электронная версия печатной публикации | ||
| 320 | |a [Библиогр.: с. 151-152 (17 назв.)] | ||
| 330 | |a Анализируется сущность так называемого визуального поворота, выявлены его причины, отрефлексирована степень влияния визуальных исследований на социальное познание. | ||
| 337 | |a Adobe Reader | ||
| 461 | 1 | |0 (RuTPU)RU\TPU\book\176237 |t Известия Томского политехнического университета [Известия ТПУ] |f Томский политехнический университет (ТПУ) |d 2000- | |
| 463 | 1 | |0 (RuTPU)RU\TPU\book\203561 |x 1684-8519 |t Т. 316, № 6: Экономика. Философия, социология и культурология |v [С. 146-152] |d 2010 |p 243 с. | |
| 610 | 1 | |a визуальность | |
| 610 | 1 | |a визуальный поворот | |
| 610 | 1 | |a сущность фотографии | |
| 610 | 1 | |a социальное познание | |
| 610 | 1 | |a социальные практики | |
| 610 | 1 | |a социальный актор | |
| 610 | 1 | |a труды учёных ТПУ | |
| 610 | 1 | |a электронный ресурс | |
| 700 | 1 | |a Колодий |b Н. А. |c специалист в области культурологии и социальной коммуникации |c профессор Томского политехнического университета, кандидат философских наук |f 1958- |g Наталия Андреевна |3 (RuTPU)RU\TPU\pers\27134 |9 12674 | |
| 701 | 1 | |a Колодий |b В. В. |c специалист в области визуальной антропологии |c аспирант Томского политехнического университета |f 1984- |g Вячеслав Владимирович |3 (RuTPU)RU\TPU\pers\27133 | |
| 801 | 1 | |a RU |b 63413507 |c 20090623 |g PSBO | |
| 801 | 2 | |a RU |b 63413507 |c 20211222 |g PSBO | |
| 856 | 4 | |u http://www.lib.tpu.ru/fulltext/v/Bulletin_TPU/2010/v316/i6/31.pdf | |
| 942 | |c CF | ||